000 00356nam a2200157Ia 4500
100 _aSloss/Andrew N
650 _aARM
942 _cBK
366 _f20
654 _aarm
245 _aARM system Developers guide designing and optimizing system software
260 _bElsevier
_c2004
082 _bSLO
300 _a689
546 _aENGLISH
_cComputers
999 _c19773
_d19773